000 00259nam a22001217a 4500
082 _a823
_bAND/E
100 _aANDERSON
245 _aTHE EMPORER'S NEW CLOTHES
260 _aDELHI
_bTINY TOT
_c1995
300 _a7
650 _aENGLISH STORY
_zINDIA
942 _cBK
999 _c7462
_d7462